01254nam a2200193Ia 450000500170000000800410001704000440005804100080010208200150011010000240012524501440014926000480029330000310034150003480037250502740072050600210099465000230101565100220103820181126090018.0130821s193 ck fr 1 spa  aCo-BoUCMbspacSandra YazodSandra Yazo aspa04a346.072201 aMackenzie, Mauricio10aDoctrina y Jurisprudencia del Derecho Cambiario ColombianocMauricio Mackenzie ; Prólogo ... Eduardo Serna R. ; Comentario ... H. Rollitz aBogotá (Colombia)bEditorial Cromosc1934 a190 páginasc24 x 16 cm. aDetalles físicos: Encuadernación rígida de calidad (holandesa), en cartón forrado en papel jaspeado con lomo de tela texturizada y adornos en dorado. Guardas. Portada impresa en una sola tinta. Dedicatoria. Texto impreso en una sola columna, con diferentes tipos y tamaños de letra. Índice. Erratas. Papel con oxidación en bordes 0aPrólogo ; Comentario inicial ; Introducción ; Parte I - V: El contrato cambiario ; Los instrumentos negociables ; La letra de cambio ; El pagaré ; El cheque ; El aval ; Libranzas, vales y pagarés a la orden ; Cartas de crédito ; Cheques viajeros ; Apéndice aConsulta en sala 7aDerecho comercial  aColombiaxDerecho